00786nam a2200181 a 450000500170000000800410001702000150005803500200007304000480009311100810014124501460022226000370036830000370040565000460044265000510048865000570053904100080059620170608110829.01 s2004 ck a gr 100 0 spa d a9583367850 a(Sirsi) a683653 aCO-BoUCMbspacEdgar PinilladEdgar Pinilla2 aForo internacional sobre autonomía universitariacBogotád2004 jun. 2-3 10aAutonomía universitariabun marco conceptual, histórico, jurídico de la autonomía universitaria y su ejercicio en Colombia bmemorias aBogotá (Colombia)bASCUNc2004 avi, 310 páginasbilustraciones04aEducación superiorvCongresoszColombia04aAutonomía universitariavCongresoszColombia24aAutonomía universitariavCongresosx legislación aspa